An Archaeological discussion of writing practice : deconstruction of the Ancient Egyptian scribe /

Saved in:

Main Author: Pinarello, Massimiliano S. (Author)

Format: Book

Language: English

Published: London : Golden House Publications, 2015.

Series: GHP Egyptology ; 23.
Egyptology ; 23.

Subjects:

Tags: Add Tag

No Tags, Be the first to tag this record!

Call Number: DT59 .E88 v.23

LEADER 01232namaa2200313 4500
003 OSt
005 20260517102333.0
008 130303s2015 enkabf b 001 0 eng d
020 |a 9781906137458  
040 |c ARCE Library 
050 4 |a DT59 .E88 v.23 
100 1 |a Pinarello, Massimiliano S.,  |e author  |9 37653 
245 1 3 |a An Archaeological discussion of writing practice :  |b deconstruction of the Ancient Egyptian scribe /   |c Massimiliano Samuele Pinarello.  |n   
264 1 |a London :  |b Golden House Publications,  |c 2015. 
300 |a xiv, 179 pages, viii pages of plates :  |b illustrations (some color), maps ;  |c 30 cm. 
490 1 |a GHP Egyptology ;  |v 23. 
490 1 |a Egyptology ;   |v 23. 
500 |a Revision of the authors thesis. 
500 |a Ph. D., University College London, 2014. 
504 |a Includes bibliographical references (pages 155-174) and indexes. 
650 0 |a Scribes  |z Egypt. 
650 0 |a Writing materials and instruments   |x History. 
651 0 |a Egypt  |x Antiquities 
651 0 |a Egypt   |x Civilization   |y To 332 B.C. 
830 0 |a GHP Egyptology ;  |v 23. 
830 0 |a Egyptology ;   |v 23. 
901 |a reviewed 
942 |c BK  |2 lcc 
999 |c 1440  |d 1440